| 000 | 00344nam a22001217a 4500 | ||
|---|---|---|---|
| 005 | 20250910124428.0 | ||
| 008 | 250910b |||||||| |||| 00| 0 eng d | ||
| 100 | _aCapps Charles | ||
| 245 |
_aFAITH AND CONFESSION; _bHOW TO ACTIVATE THE POWER OF GOD IN YOUR LIFE |
||
| 260 |
_aTULSA _bHARRISON HOUSE _cc1987 |
||
| 300 | _a265p | ||
| 942 |
_2lcc _cBK _n0 |
||
| 999 |
_c7514 _d7514 |
||